<?xml version="1.0" encoding="UTF-8"?>
<record
    xmlns:xsi="http://www.w3.org/2001/XMLSchema-instance"
    xsi:schemaLocation="http://www.loc.gov/MARC21/slim http://www.loc.gov/standards/marcxml/schema/MARC21slim.xsd"
    xmlns="http://www.loc.gov/MARC21/slim">

  <leader>01661nab a2200265 a 4500</leader>
  <controlfield tag="005">20250203075321.0</controlfield>
  <controlfield tag="007">ta</controlfield>
  <controlfield tag="008">250128e2009    dr uu|p|r||||||0| | spa d</controlfield>
  <datafield tag="022" ind1=" " ind2=" ">
    <subfield code="a">2636-1981</subfield>
  </datafield>
  <datafield tag="040" ind1=" " ind2=" ">
    <subfield code="a">DO-SdBNP</subfield>
    <subfield code="c">DO-SdBNP</subfield>
    <subfield code="e">rda</subfield>
  </datafield>
  <datafield tag="041" ind1=" " ind2=" ">
    <subfield code="h">spa</subfield>
  </datafield>
  <datafield tag="100" ind1=" " ind2=" ">
    <subfield code="a">Gil &#xC1;ngeles, Juan</subfield>
    <subfield code="9">86921</subfield>
    <subfield code="e">editor</subfield>
  </datafield>
  <datafield tag="245" ind1=" " ind2=" ">
    <subfield code="a">R.D &amp; Geolog&#xED;a /</subfield>
    <subfield code="c">Juan Gil &#xC1;ngeles</subfield>
  </datafield>
  <datafield tag="264" ind1=" " ind2=" ">
    <subfield code="a">Santo Domingo, Rep&#xFA;blica Dominicana : </subfield>
    <subfield code="b">Sociedad Dominicana de Geolog&#xED;a (SODOGEO), </subfield>
    <subfield code="c">2009.</subfield>
  </datafield>
  <datafield tag="300" ind1=" " ind2=" ">
    <subfield code="a">p&#xE1;gina 2 ; </subfield>
    <subfield code="c">28 cm</subfield>
  </datafield>
  <datafield tag="310" ind1=" " ind2=" ">
    <subfield code="a">Desconocida.</subfield>
  </datafield>
  <datafield tag="336" ind1=" " ind2=" ">
    <subfield code="a">texto</subfield>
    <subfield code="b">txt</subfield>
    <subfield code="2">rdaconten</subfield>
  </datafield>
  <datafield tag="337" ind1=" " ind2=" ">
    <subfield code="a">sin mediaci&#xF3;n</subfield>
    <subfield code="b">n</subfield>
    <subfield code="2">rdamedia</subfield>
  </datafield>
  <datafield tag="338" ind1=" " ind2=" ">
    <subfield code="a">volumen</subfield>
    <subfield code="b">nc</subfield>
    <subfield code="2">rdacarrier</subfield>
  </datafield>
  <datafield tag="362" ind1=" " ind2=" ">
    <subfield code="a">Volumen 6, No. 24, Mayo 2009.</subfield>
  </datafield>
  <datafield tag="521" ind1=" " ind2=" ">
    <subfield code="a">A principios de este siglo y ante el inter&#xE9;s de nuestro pa&#xED;s por relanzar nuestra industria minera como consecuencia de la reapertura de la mina de oro de Pueblo Viejo; de la instauraci&#xF3;n de una Secretar&#xED;a de Estado de Medio Ambiente y Recursos Naturales y la promulgaci&#xF3;n de la ley sobre el Medio Ambiente; del vertiginoso desarrollo de la industria de la construcci&#xF3;n que inclu&#xED;a edificaciones de gran envergadora, as&#xED; como los acuciantes conflictos originados con la extracci&#xF3;n de agregados para la construcci&#xF3;n, la Sodogeo comprendi&#xF3; la urgente necesidad de formar en el pa&#xED;s profesionales y t&#xE9;cnicos en Geolog&#xED;a para hacer frente a los requerimientos de todas esas actividades de tipo minero, ambiental y geotecnico...</subfield>
  </datafield>
  <datafield tag="650" ind1=" " ind2="0">
    <subfield code="a">Geolog&#xED;a</subfield>
    <subfield code="9">26253</subfield>
    <subfield code="v">Publicaciones peri&#xF3;dicas </subfield>
    <subfield code="z">Rep&#xFA;blica Dominicana </subfield>
  </datafield>
  <datafield tag="773" ind1="0" ind2=" ">
    <subfield code="0">58091</subfield>
    <subfield code="9">320150</subfield>
    <subfield code="a">Sociedad Dominicana de Geolog&#xED;a (SODOGEO)</subfield>
    <subfield code="o">2025-0488</subfield>
    <subfield code="t">Geo noticias /</subfield>
    <subfield code="x">2636-1981</subfield>
  </datafield>
  <datafield tag="942" ind1=" " ind2=" ">
    <subfield code="2">ddc</subfield>
    <subfield code="c">ISSUE</subfield>
  </datafield>
  <datafield tag="999" ind1=" " ind2=" ">
    <subfield code="c">58092</subfield>
    <subfield code="d">58092</subfield>
  </datafield>
</record>
